Catalogue of the celebrated collection of works of art, from the Byzantine period to that of Louis Seize, of that distinguished collector, Ralph Bernal, esq., deceased (Record no. 114140)

MARC details
000 -LEADER
fixed length control field 00946cam a22001935a 4500
001 - CONTROL NUMBER
control field L156269
008 - FIXED-LENGTH DATA ELEMENTS--GENERAL INFORMATION
fixed length control field 120510s1855 xxk f 000 0 eng d
035 ## - SYSTEM CONTROL NUMBER
System control number (Sirsi) u156269
041 0# - LANGUAGE CODE
Language code of text/sound track or separate title eng
110 2# - MAIN ENTRY--CORPORATE NAME
Corporate name or jurisdiction name as entry element Christie and Manson
245 00 - TITLE STATEMENT
Title Catalogue of the celebrated collection of works of art, from the Byzantine period to that of Louis Seize, of that distinguished collector, Ralph Bernal, esq., deceased
Remainder of title also, of the beautiful decorative furniture and service of plate: which (by order of the executors) will be sold by auction, by Messrs. Christie & Manson, at the mansion ... commencing on Monday, March the 5th, 1855 ...
260 ## - PUBLICATION, DISTRIBUTION, ETC.
Place of publication, distribution, etc. [London
Name of publisher, distributor, etc. Printed by W. Clowes and Sons
Date of publication, distribution, etc. 1855]
300 ## - PHYSICAL DESCRIPTION
Extent 357 p., [33] leaves of plates
Other physical details ill., port.
Dimensions 25 cm.
583 0# - ACTION NOTE
Action Condition reviewed
Time/date of action 20120620
Status condition level 2
651 #4 - SUBJECT ADDED ENTRY--GEOGRAPHIC NAME
Geographic name Great Britain
Chronological subdivision 1707-
690 ## - LOCAL SUBJECT ADDED ENTRY--TOPICAL TERM (OCLC, RLIN)
Topical term or geographic name as entry element Auctioneering
9 (RLIN) 6218
700 1# - ADDED ENTRY--PERSONAL NAME
Personal name Bernal, Ralph
Dates associated with a name d. 1854
942 ## - ADDED ENTRY ELEMENTS (KOHA)
Suppress in OPAC 0
Holdings
Withdrawn status Lost status Source of classification or shelving scheme Damaged status Not for loan Home library Current library Shelving location Date acquired Total Checkouts Full call number Barcode Date last seen Copy number Price effective from Koha item type
    Dewey Decimal Classification     Historic collection Historic collection Historic collection 10/05/2012   FOLIO 1855 CHRISTIE 30077622 06/08/2019 1 06/08/2019 Book